| 000 | 00397cam a2200145ua 4500 | ||
|---|---|---|---|
| 041 |
_aeng _h |
||
| 082 |
_a828.09 _bWIL/LI |
||
| 100 | _aWilliam, Winsatt K . | ||
| 245 |
_aLiterary criticism: A short history / _cWimsatt K William. _hTextual Documents |
||
| 260 |
_aCulcatta : _bOxford & IBH Publishing company , _c1962. |
||
| 300 | _a777 ; . | ||
| 504 | _a | ||
| 942 | _cBK | ||
| 999 |
_c11557 _d11557 |
||